[Event "Titled Tuesday intern op 16th Jan Late"]
[Site "Chess.com INT"]
[Date "2024.01.16"]
[Round "1"]
[White "Rottenwohrer Suarez, Juan"]
[Black "Molina, Roberto Junio Brito"]
[Result "1-0"]
[WhiteElo "2274"]
[BlackElo "2381"]
[PlyCount "109"]
[EventDate "2024.01.16"]
[EventType "swiss (blitz)"]
[EventRounds "11"]
[EventCountry "USA"]
[SourceTitle "CB04_2024"]
[SourceDate "2023.10.16"]
[SourceVersion "1"]
[SourceVersionDate "2023.10.16"]
[SourceQuality "1"]

1. e4 c6 2. Nf3 d5 3. Nc3 dxe4 4. Nxe4 Bg4 5. Be2 e6 6. 0-0 Nd7 7. h3 Bh5 8. d4 Ngf6 9. Ng3 Bg6 10. c4 Bd6 11. Be3 0-0 12. Qd2 Re8 13. b3 Qc7 14. Nh1 Rad8 15. Rfd1 c5 16. Qe1 a6 17. Ng3 cxd4 18. Nxd4 Ne5 19. Nf1 Bc5 20. Nf3 Ned7 21. Qc3 Bf8 22. Nh4 Be4 23. Nd2 Bc6 24. Nhf3 g6 25. Nd4 Bg7 26. Nxc6 Qxc6 27. Bf3 Qc7 28. Qb4 b6 29. Rac1 Rb8 30. Ne4 Ne5 31. Nxf6+ Bxf6 32. Be2 Be7 33. Qc3 Nd7 34. Bh6 Bf8 35. Bxf8 Rxf8 36. c5 bxc5 37. Bxa6 Rb6 38. Be2 Rc8 39. Rd2 Nf8 40. Rdc2 Qa7 41. Qe3 Nd7 42. Bf3 Rc7 43. h4 h5 44. g3 Rd6 45. Be2 Qb6 46. Rd2 Rxd2 47. Qxd2 Kg7 48. Qc3+ Nf6 49. b4 Qa7 50. a3 e5 51. Qxe5 Re7 52. Qb2 cxb4 53. axb4 Qb6 54. Bf3 Re5 55. Qxe5 1-0

[Event "Titled Tuesday intern op 09th Jan Early"]
[Site "Chess.com INT"]
[Date "2024.01.09"]
[Round "1"]
[White "Molina, Roberto Junio Brito"]
[Black "Todorovic, Bojan"]
[Result "1-0"]
[WhiteElo "2381"]
[BlackElo "2136"]
[PlyCount "53"]
[EventDate "2024.01.09"]
[EventType "swiss (blitz)"]
[EventRounds "11"]
[EventCountry "USA"]
[SourceTitle "CB03_2024"]
[SourceDate "2024.01.17"]
[SourceVersion "1"]
[SourceVersionDate "2024.01.17"]
[SourceQuality "1"]

1. d4 Nf6 2. Nf3 g6 3. e3 Bg7 4. Be2 0-0 5. 0-0 c5 6. dxc5 Qa5 7. a3 Qxc5 8. b4 Qc7 9. Bb2 d6 10. c4 a5 11. Nc3 axb4 12. axb4 Rxa1 13. Qxa1 Na6 14. Nd5 Qd8 15. Nxf6+ Bxf6 16. Bxf6 exf6 17. Rb1 Bf5 18. Rb2 Re8 19. Nd4 Bd7 20. Qd1 Qc7 21. Qd2 Re5 22. g3 Kg7 23. Nf3 Re8 24. Qd4 Be6 25. Nd2 Rc8 26. Ne4 Qd8 27. Nxd6 1-0

[Event "Titled Tuesday intern op 09th Jan Early"]
[Site "Chess.com INT"]
[Date "2024.01.09"]
[Round "7"]
[White "Papasimakopoulos, Alexandros"]
[Black "Molina, Roberto Junio Brito"]
[Result "0-1"]
[WhiteElo "2402"]
[BlackElo "2381"]
[PlyCount "186"]
[EventDate "2024.01.09"]
[EventType "swiss (blitz)"]
[EventRounds "11"]
[EventCountry "USA"]
[SourceTitle "CB03_2024"]
[SourceDate "2024.01.17"]
[SourceVersion "1"]
[SourceVersionDate "2024.01.17"]
[SourceQuality "1"]

1. d4 d5 2. c4 c6 3. cxd5 cxd5 4. Bf4 Qb6 5. Qd2 Nc6 6. e3 Nf6 7. Nc3 e6 8. Bd3 Bd7 9. Nge2 Be7 10. h3 0-0 11. 0-0 Rfc8 12. Rfc1 Qd8 13. Nb5 Be8 14. Bh2 a6 15. Nbc3 b5 16. Nf4 Bd6 17. Be2 Na5 18. b3 Ba3 19. Rc2 Nc6 20. Nd3 Qa5 21. Nb1 Qxd2 22. Rxd2 Be7 23. Rc2 Nxd4 24. Rxc8 Nxe2+ 25. Kf1 Rxc8 26. Kxe2 Ne4 27. Kd1 b4 28. a4 bxa3 29. Nxa3 Bxa3 30. Rxa3 Bb5 31. f3 Bxd3 32. fxe4 dxe4 33. h4 h5 34. Bf4 Kh7 35. Ra5 Bb5 36. Ra1 Kg6 37. Rc1 Rd8+ 38. Ke1 Rd3 39. b4 f6 40. Rd1 Rb3 41. Bd6 Rxe3+ 42. Kf2 Re2+ 43. Kg3 Rc2 44. Bc5 e5 45. Rd8 Kf5 46. Rg8 g6 47. Rf8 e3 48. Bxe3 Bc6 49. Bg5 Rxg2+ 50. Kh3 Rxg5 51. hxg5 Kxg5 52. Rc8 Bb5 53. Rc5 Kf4 54. Kg2 g5 55. Rc2 g4 56. Rf2+ Kg5 57. Rd2 f5 58. Rd8 h4 59. Rg8+ Kf4 60. Rh8 Bc6+ 61. Kh2 g3+ 62. Kh3 Kf3 63. Rd8 g2 64. Kh2 Kf2 65. Rd2+ Ke3 66. Rc2 Be4 67. Ra2 f4 68. Ra3+ Kf2 69. Ra2+ Kf1 70. Ra1+ Ke2 71. Ra2+ Ke3 72. Ra3+ Bd3 73. Kxg2 e4 74. Ra2 f3+ 75. Kg1 h3 76. Rh2 Kd4 77. Rxh3 Kc3 78. Kf2 Kxb4 79. Ke3 a5 80. Rh8 a4 81. Rb8+ Kc3 82. Ra8 Kb3 83. Rb8+ Ka2 84. Rf8 a3 85. Kd2 Kb3 86. Rb8+ Ka4 87. Rf8 a2 88. Ra8+ Kb3 89. Rb8+ Kc4 90. Rc8+ Kd5 91. Rd8+ Ke6 92. Ra8 f2 93. Ra6+ Bxa6 0-1